00467nam a22001457a 4500003000400000008004100004082001800045100002200063245005700085260004300142300001100185650003400196650003900230650005200269OSt260630b |||||||| |||| 00| 0 eng d a635.042bS53P aSharma, Jag Paul  aPrinciples of Vegetable Breeding/ by Jag Paul Sharma aLudhiana :bKalyani Publishers, c2014 a413 p. aTechnology (Applied sciences) aAgriculture & related technologies aGarden crops (Horticulture) / Vegetable science